00270nam a2200097Ia 4500008004100000245004600041260000900087300003200096440002400128650002000152180117s9999 xx 000 0 und d 4aThe power of Community in Art Development c2017 a12-14 pages, 2017 October 1 aPhilippine Panorama aART DEVELOPMENT